| 000 | 00518nac a22001571u 4500 | ||
|---|---|---|---|
| 008 | 080902s1962 ua|||||r||| 000 0 ra d | ||
| 082 |
_a189 _bب ه ي _222 |
||
| 245 |
_aالجانب الإلهي من التفكير الاسلامي / _cمحمد البهي |
||
| 250 | _aط3 | ||
| 260 |
_aالقاهرة : _bمكتبة وهبة ، _c[1962] |
||
| 300 |
_aص ؛480 _c24 سم |
||
| 500 | _aArabic Books | ||
| 511 | _aCatalogued by: Sara | ||
| 541 | _aألف باء ؛ | ||
| 942 |
_cBB _k189 ب ه ي _2ddc |
||
| 999 |
_c6986 _d6986 |
||